| 000 | 00393nam a2200145Ia 4500 | ||
|---|---|---|---|
| 008 | 230312s9999||||xx |||||||||||||| ||und|| | ||
| 020 | _a9781292060507 | ||
| 082 |
_a629.836 _bKHA-N |
||
| 100 | _aBittner,Kurt | ||
| 245 | 4 | _aThe Nexus framework for scaling scrum | |
| 260 |
_bPearson _aCourier Westfor _c2015 |
||
| 300 | _a399 | ||
| 650 |
_aComputer _vNonlinear theories Textbooks |
||
| 942 | _cBK | ||
| 999 |
_c17669 _d17669 |
||